000 00518cam a22002172a 4500
001 019215
003 AR-FADEU
008 311216n1997####xxu####################dd
020 _a950-557-224-7
092 _a982
_bR763-4
100 _aRomero, José Luis
245 _aBreve historia de la Argentina
250 _a4a. ed
260 _aBuenos Aires
260 _bFondo de Cultura Económica
260 _c1997
300 _a206 p
440 _aTierra firme
650 _aHISTORIA ARGENTINA
942 _cBDGR
999 _c24945
_d24945